| 000 | 01017nam a2200229Ia 4500 | ||
|---|---|---|---|
| 999 |
_c37504 _d37504 |
||
| 001 | 3467 | ||
| 003 | GE_BSU | ||
| 005 | 20190604172508.0 | ||
| 008 | 181216s2003|||| |||||||||||||| ||geo|| | ||
| 020 | _a9992896795 | ||
| 040 | _cGE_BSU | ||
| 041 | _ageo | ||
| 080 | _a531.3(076.1)(072) ფ-97 | ||
| 100 |
_aფუტკარაძე, გურამ _92063 |
||
| 245 |
_aანალიზური სტატიკა : მეთოდური მითითებები ამოცანების ამოხსნისათვის. / _cგურამ ფუტკარაძე ; რედ : ი.დიდმანიძე. |
||
| 264 |
_aბათუმი : _bბათუმის უნივერსიტეტი, _c2003. |
||
| 300 |
_a73 გვ .: _c20 სმ. |
||
| 504 | _aბიბლიოგრ.:გვ.73 | ||
| 653 | _aანალიზური სტატიკა | ||
| 700 |
_aდიდმანიძე, ი _eრედაქტორი _9511 |
||
| 942 |
_cBK _2udc |
||